| 000 | 00670naa a2200217 i 4500 | ||
|---|---|---|---|
| 001 | 15930 | ||
| 003 | ES-MaBCM | ||
| 005 | 20241016092015.0 | ||
| 008 | 911001s1991 gbr 000 0 eng d | ||
| 021 | _axx | ||
| 035 | _a(OCoLC)1365236152 | ||
| 040 | _cES-MaBCM | ||
| 041 | 0 | _aeng | |
| 043 | _agbr | ||
| 100 | 1 |
_aLittle, Richard _926819 |
|
| 245 | 1 | 0 |
_aInternational relations and the methodological turn _cRichard Little |
| 520 | _aExposición teórica sobre la resolución de los debates internacionales | ||
| 650 | 2 | 7 |
_aRelación internacional _960079 |
| 773 | 0 |
_aEn: _tPolitical studies _dOxford : 1991 _w104492 _gnº 3, septiembre ; p. 463-478 |
|
| 942 | _cAREV | ||
| 999 |
_c15930 _d15930 |
||